Rozpoznaj Flagi Państw Które Już Nie Istnieją - Statystyki

Ogólne statystyki
  • Ten quiz został rozwiązany 813 razy
  • Średni wynik to 4 z 15
Statystyki odpowiedzi
Obrazkowy Odpowiedź % Poprawnych
ZSRR
92%
Wolne Miasto Gdańsk
58%
Rzeczpospolita Obojga Narodów
55%
Tybet
46%
Jugosławia
42%
Królestwo Prus
31%
Zair
24%
Czeczenia
16%
Mandżukuo
16%
Imperium Mongolskie
12%
Skonfederowane Stany Ameryki
12%
Druga Republika Hiszpańska
10%
Tuwińska Republika Ludowa
7%
Cesarstwo Bizantyńskie
5%
Konfederacja Peruwiańsko Boliwijska
2%
Nie znaleziono quizów pasujących do podanych kryteriów
Rozkład punktacji
Procent ludzi z każdym wynikiem
Percentyl według liczby udzielonych odpowiedzi
Twoja historia wyników
Nie rozwiązałeś tego quizu